[Event "New York op"]
[Site "New York"]
[Date "1998.??.??"]
[Round "9"]
[White "Chernin, Alexander"]
[Black "Pigusov, Evgeny"]
[Result "1/2-1/2"]
[WhiteElo "2645"]
[BlackElo "2575"]

1.d4 Nf6 2.c4 e6 3.g3 d5 4.Nf3 Be7 5.Bg2 O-O 6.O-O dxc4 7.Qc2 a6 8.a4 Bd7
9.Qxc4 Bc6 10.Bg5 a5 11.Nc3 Na6 12.Bxf6 Bxf6 13.e4 Nb4 14.Rfd1 b6 15.Rd2 Bb7
16.h4  1/2-1/2

[Event "New York op"]
[Site "New York"]
[Date "1998.??.??"]
[Round "9"]
[White "Filippov, Valerij"]
[Black "Ziatdinov, Raset"]
[Result "1-0"]
[WhiteElo "2595"]
[BlackElo "2515"]

1.Nf3 d5 2.d4 Nf6 3.c4 e6 4.g3 Be7 5.Bg2 O-O 6.O-O Nbd7 7.Qc2 a6 8.Nbd2 c5
9.Rd1 cxd4 10.Nxd4 Ne5 11.cxd5 Nxd5 12.N2f3 Nxf3+ 13.Bxf3 Qb6 14.e4 Nb4 15.Qe2 e5
16.Nf5 Bc5 17.Ne3 Bd4 18.Bd2 Nc6 19.Bc3 Be6 20.Nd5 Qd8 21.Bg2 f5 22.Nb4 f4
23.Nxc6 bxc6 24.Bxd4 exd4 25.e5 Rc8 26.Rac1 c5 27.Qxa6 Qe8 28.Qb6 f3 29.Bf1 Qe7
30.a3 Rfd8 31.b4 Bb3 32.Rd3 Bd5 33.Rxc5 Rxc5 34.Qxc5 Qxc5 35.bxc5 Be4 36.Rd1 d3
37.c6 Rd4 38.c7 Rc4 39.h4 Rxc7 40.Bxd3 Bb7 41.e6 g6 42.Bb5 Bc8 43.e7  1-0

[Event "NOR-chT"]
[Site "NOR"]
[Date "1998.??.??"]
[Round "?"]
[White "Evseev, Denis"]
[Black "Ogaard, Leif"]
[Result "1-0"]
[WhiteElo "2455"]
[BlackElo "2440"]

1.d4 Nf6 2.c4 e6 3.g3 d5 4.Bg2 Be7 5.Nf3 O-O 6.O-O dxc4 7.Qc2 a6 8.a4 Bd7
9.Qxc4 Bc6 10.Bg5 Bd5 11.Qd3 Be4 12.Qd1 Bc6 13.Nc3 Nbd7 14.Qc2 b5 15.Rfc1 Rb8
16.axb5 axb5 17.Ra6 Bb7 18.Ra7 Bd6 19.Nd2 Bxg2 20.Kxg2 c5 21.Nce4 Qb6 22.Rxd7 Nxd7
23.dxc5 Nxc5 24.Nxc5 Bxc5 25.Qxc5 Qb7+ 26.Nf3 Rfc8 27.Qd4 h6 28.Rxc8+ Rxc8
29.Be3 Qc6 30.h4 f6 31.Kh2 e5 32.Qg4 Qc4 33.Qd7 Qc6 34.Qf5 Ra8 35.Qg6 Qe8
36.Qe4 Ra4 37.Qd5+ Kh8 38.Bc5 Qg6 39.b4 Qb1 40.Qd8+ Kh7 41.Nd2 Qe1 42.Qd3+ Kh8
43.Qd8+ Kh7 44.Qd3+ Kh8 45.Nb3 Ra2 46.Qd8+ Kh7 47.Qd3+ Kh8 48.e4 Rb2 49.Na5 Rb1
50.Qf3 Rc1 51.Nc6 Rc3 52.Qg2 Rc4 53.Ne7 Qe2 54.Qh3 Rxc5 55.bxc5 Qxf2+ 56.Qg2 Qxc5
57.Nd5 b4 58.Qb2 b3 59.Qxb3 Qf2+ 60.Kh3 Qf1+ 61.Kg4 f5+ 62.Kh5 fxe4 63.Ne7 Qf3+
64.Qxf3 exf3 65.Nd5 Kh7 66.Ne3 f2 67.Nf1 g6+ 68.Kg4 Kg7 69.Kf3 g5 70.h5 g4+
71.Kxg4 Kf6 72.Ne3 Ke6 73.Kf3 Kf6 74.Ng4+ Kg5 75.Nxf2 Kxh5 76.Ne4 Kg6 77.Kg4 h5+  1-0

[Event "NOR-chT"]
[Site "NOR"]
[Date "1998.??.??"]
[Round "?"]
[White "Fyllingen, Roy Harald"]
[Black "Ogaard, Leif"]
[Result "1-0"]
[WhiteElo "2390"]
[BlackElo "2440"]

1.d4 Nf6 2.c4 e6 3.g3 d5 4.Bg2 Be7 5.Nf3 O-O 6.O-O dxc4 7.Qc2 a6 8.a4 Bd7
9.Bg5 Bc6 10.Qxc4 Bd5 11.Qc2 Be4 12.Qd2 Nc6 13.Rd1 h6 14.Bxf6 Bxf6 15.e3 Be7
16.Qe2 Bb4 17.Bf1 Na5 18.Nbd2 Bxf3 19.Nxf3 Qe7 20.Ne5 Rfd8 21.Nd3 Bd6 22.Rab1 e5
23.dxe5 Bxe5 24.Qh5 Nc6 25.Bg2 Bf6 26.Bd5 Rab8 27.Rbc1 Qe8 28.Nc5 Nb4 29.Bxb7 Bxb2
30.Rxd8 Rxd8 31.Rb1 Rd2 32.Be4 a5 33.Nb3 Rd6 34.Bf3 Nd3 35.Qxa5 Rb6 36.Qd5 Qxa4
37.Qd8+ Kh7 38.Qxd3+  1-0

[Event "RUS-Cup"]
[Site "Omsk/Perm"]
[Date "1998.??.??"]
[Round "4"]
[White "Filippov, Valerij"]
[Black "Gutov, Andrei"]
[Result "1-0"]
[WhiteElo "2595"]
[BlackElo "2250"]

1.Nf3 Nf6 2.c4 e6 3.g3 d5 4.d4 Be7 5.Bg2 O-O 6.O-O dxc4 7.Qc2 a6 8.a4 Bd7
9.Qxc4 Bc6 10.Bg5 Bd5 11.Qc2 Be4 12.Qc1 Nbd7 13.Nc3 Bc6 14.Qc2 Bb4 15.Rfe1 Bxf3
16.Bxf3 c6 17.Red1 Qa5 18.Bf4 e5 19.dxe5 Nxe5 20.Bg2 Rad8 21.Na2 Rxd1+ 22.Rxd1 Re8
23.Nxb4 Qxb4 24.Bd2 Qc4 25.Qxc4 Nxc4 26.Bc3 Nb6 27.a5 Nbd5 28.Bxf6 Nxf6 29.e3 Kf8
30.Kf1 Re5 31.b4 Ke7 32.Ke2 Rb5 33.Rd4 Nd5 34.Bxd5 Rxd5 35.Rxd5 cxd5 36.Kd3 Kd6
37.g4 Kc6 38.Kc3 g5 39.f4 h6 40.f5 f6 41.Kd4 Kd6 42.e4 dxe4 43.Kxe4 Kc6 44.Kd4 Kd6
45.Kc4 Kc6 46.b5+ Kd6 47.h3 axb5+ 48.Kxb5 Kc7 49.Kc5  1-0

[Event "Pardubice Czech op"]
[Site "Pardubice"]
[Date "1998.??.??"]
[Round "1"]
[White "Szekely, Peter"]
[Black "Kotan, Ladislav"]
[Result "1/2-1/2"]
[WhiteElo "2475"]
[BlackElo "2280"]

1.Nf3 d5 2.c4 e6 3.g3 Nf6 4.Bg2 Be7 5.d4 O-O 6.Qc2 c6 7.O-O b6 8.b3 Bb7 9.Nc3 Nbd7
10.Rd1 Rc8 11.e4 dxe4 12.Nxe4 Nxe4 13.Qxe4 Ba8 14.Qe2 c5 15.Bb2 cxd4 16.Nxd4 Bxg2
17.Kxg2 Bc5 18.Qf3 Qf6 19.Qb7 Ne5 20.Rd2 Rcd8 21.Rad1 Rd7 22.Qe4 Rfd8 23.Bc3 h5  1/2-1/2

[Event "Pardubice Czech op"]
[Site "Pardubice"]
[Date "1998.??.??"]
[Round "6"]
[White "Shtyrenkov, Veniamen"]
[Black "Cioara, Andrei Nestor"]
[Result "1-0"]
[WhiteElo "2460"]
[BlackElo "2390"]

1.d4 Nf6 2.c4 e6 3.g3 d5 4.Nf3 Be7 5.Bg2 O-O 6.O-O dxc4 7.Qc2 a6 8.a4 Bd7
9.Qxc4 Bc6 10.Bg5 Nbd7 11.Nc3 a5 12.Rfe1 Bd5 13.Qd3 Bxf3 14.Bxf3 c6 15.Rad1 h6
16.Bc1 Qb6 17.Qb1 Nd5 18.Qa2 Bb4 19.Bd2 Qxd4 20.Nxd5 cxd5 21.Bxh6 Qb6 22.Be3 Qa6
23.Bd2 Nc5 24.Bxb4 axb4 25.b3 b5 26.Qc2 Rfc8 27.axb5 Qxb5 28.Rd4 Ne4 29.Qd1 Nc3
30.Qd2 Ra3 31.Rg4 Qc5 32.Kg2 Ra2 33.Qd3 Rb2 34.h4 f5 35.Rg6 Ne4 36.Bxe4 fxe4
37.Qa6 Rc6 38.Qb7 Rc7 39.Qb8+ Rc8 40.Qe5 Qc3 41.Qxe6+ Kh8 42.Rd1 Rxe2  1-0

[Event "Pardubice Czech op"]
[Site "Pardubice"]
[Date "1998.??.??"]
[Round "9"]
[White "Szekely, Peter"]
[Black "Prandstetter, Eduard"]
[Result "1-0"]
[WhiteElo "2475"]
[BlackElo "2385"]

1.Nf3 d5 2.c4 e6 3.g3 Nf6 4.Bg2 Be7 5.d4 O-O 6.Qc2 c5 7.dxc5 Qa5+ 8.Qc3 Qxc5
9.cxd5 Nxd5 10.Qxc5 Bxc5 11.Bd2 Nc6 12.Nc3 Nxc3 13.Bxc3 Bd7 14.O-O Rac8 15.Rfd1 Rfd8
16.Ne5 Be8 17.Nxc6 Bxc6 18.Bxc6 bxc6 19.Rac1 Rxd1+ 20.Rxd1 Bb6 21.Rd7 f6
22.e3 Rd8 23.Re7 e5 24.a4 Rd5 25.Kf1 Kf8 26.Rb7 e4 27.Ke2 h5 28.h4 Bc5 29.Rc7 Rd6
30.a5 g6 31.Be1 Rd8 32.Rxc6 Be7 33.Bc3 Rb8 34.Ra6 Rb7 35.Bd4 g5 36.Rxa7 Rb5
37.a6 gxh4 38.gxh4  1-0

[Event "Plzen opJ-C"]
[Site "Plzen"]
[Date "1998.??.??"]
[Round "7"]
[White "Stehlik, Jiri"]
[Black "Hroch, J."]
[Result "1-0"]
[WhiteElo "2140"]
[BlackElo "2035"]

1.Nf3 Nf6 2.d4 d5 3.c4 e6 4.g3 Be7 5.Bg2 O-O 6.O-O Nbd7 7.Qc2 b6 8.cxd5 Nxd5
9.Rd1 Bb7 10.a3 Qc8 11.e4 N5f6 12.Nc3 c5 13.d5 exd5 14.e5 Ng4 15.Nxd5 Re8
16.Bf4 Bd8 17.Qc3 c4 18.h3 Qc5 19.hxg4 Bxd5 20.Rxd5 Qxd5 21.Nd2 Qc5 22.Bxa8 Bc7
23.Ne4 Qe7 24.Bc6 Qe6 25.Bb5 Qxg4 26.Qxc4 Bxe5 27.Bxd7 Qxd7 28.Bxe5 Rxe5
29.Rc1 Re8 30.Qc6 Qe7 31.Nd6 Rd8 32.Qc7 Qxd6 33.Qxd6  1-0

[Event "Pula op"]
[Site "Pula"]
[Date "1998.??.??"]
[Round "6"]
[White "Podvrsnik, Marko"]
[Black "Radocaj, Denis"]
[Result "0-1"]
[WhiteElo "2205"]
[BlackElo "2380"]

1.d4 Nf6 2.c4 e6 3.g3 d5 4.Bg2 Be7 5.Nf3 O-O 6.Nc3 dxc4 7.O-O Nc6 8.e4 Rb8
9.a4 a6 10.Bg5 h6 11.Bxf6 Bxf6 12.e5 Be7 13.Qd2 Nb4 14.Rfd1 b5 15.axb5 axb5
16.Ne1 Bb7 17.Ne4 Bd5 18.Qf4 Kh8 19.h4 Ra8 20.Kh2 Bc6 21.Rxa8 Bxa8 22.Qg4 Bc6
23.Bf3 Qa8 24.Rd2 Qa1 25.Re2 Qd1 26.Nc3 Qb3 27.Bxc6 Nxc6 28.Qe4 Na5 29.g4 b4
30.Nb5 Bxh4 31.Nf3 Bd8 32.g5 Qa4 33.Na7 Qd7 34.gxh6 g6 35.Qf4 Nb3 36.Ng5 Nxd4
37.Rd2 c5 38.Ne4 Qxa7 39.f3 Nf5 40.Rg2 Qe7 41.Nf6 Bc7 42.Ng4 Qh4+ 43.Kg1 Rd8  0-1

[Event "Radenci op"]
[Site "Radenci"]
[Date "1998.??.??"]
[Round "?"]
[White "Kozul, Zdenko"]
[Black "Nikolov, Sasho"]
[Result "1-0"]
[WhiteElo "2585"]
[BlackElo "2415"]

1.d4 d5 2.c4 e6 3.Nf3 Nf6 4.g3 Be7 5.Bg2 O-O 6.O-O Nbd7 7.Qc2 c6 8.Nbd2 b6
9.e4 Bb7 10.e5 Ne8 11.cxd5 cxd5 12.Re1 Qc7 13.Qb3 Rc8 14.Bf1 Nb8 15.a3 Qc2
16.Qxc2 Rxc2 17.Bd3 Rc8 18.Nf1 Ba6 19.Bxa6 Nxa6 20.Bd2 Nec7 21.Rec1 Rfd8
22.g4 Kf8 23.h4 Ke8 24.Ng3 Kd7 25.Kg2 Nb8 26.Nh5 Nc6 27.Rd1 Rg8 28.Rac1 Nb5
29.Be3 Na5 30.Rxc8 Rxc8 31.Ng5 Rc2 32.a4 Nc7 33.Nxg7 Nc4 34.Kf3 Nxb2 35.Rh1 Nxa4
36.Nxh7 b5 37.h5 b4 38.h6 Nb5 39.Nh5 Rc8 40.N7f6+ Kc6 41.Nf4 b3 42.g5 b2
43.g6 fxg6 44.Nxg6 Bxf6 45.exf6 Nd6 46.Ne7+ Kd7 47.Nxc8 Nf7 48.Ne7  1-0

[Event "Sao Paulo State-ch2"]
[Site "Rio Claro"]
[Date "1998.??.??"]
[Round "?"]
[White "Dianda, Joao Carlos"]
[Black "Sega, Carlos Alberto"]
[Result "1/2-1/2"]
[WhiteElo "2090"]
[BlackElo "2280"]

1.d4 Nf6 2.c4 e6 3.g3 d5 4.Bg2 Be7 5.Nf3 O-O 6.O-O dxc4 7.Qa4 Nbd7 8.Qxc4 a6
9.Rd1 b5 10.Qc2 Bb7 11.a4 c5 12.Ne5 Qc8 13.Nxd7 Nxd7 14.Bxb7 Qxb7 15.dxc5 Nxc5
16.axb5 axb5 17.Rxa8 Rxa8 18.Be3 Nd7 19.Nc3 Nf6 20.Bg5 Rc8 21.Qb3  1/2-1/2

[Event "BRA-ch"]
[Site "Rio de Janeiro"]
[Date "1998.??.??"]
[Round "9"]
[White "De Souza Haro, Paulo Cezar"]
[Black "Van Riemsdijk, Herman C"]
[Result "0-1"]
[WhiteElo "2315"]
[BlackElo "2375"]

1.d4 Nf6 2.c4 e6 3.g3 d5 4.Bg2 Be7 5.Nf3 O-O 6.Qc2 Na6 7.Nbd2 b6 8.O-O Bb7
9.cxd5 exd5 10.a3 c5 11.dxc5 bxc5 12.b3 Re8 13.Bb2 Bd6 14.e3 Qc7 15.Rfd1 Rad8
16.Rac1 Bc8 17.h3 h6 18.Nh4 Be5 19.Bxe5 Qxe5 20.Bf1 Qe6 21.Ng2 Qxh3 22.Nf4 Qd7
23.Nd3 d4 24.exd4 cxd4 25.Bg2 Qd6 26.Nc4 Qf8 27.Qb2 Nc5 28.Nxc5 Qxc5 29.b4 Qg5
30.Qd2 Qh5 31.Qf4 d3 32.Nd6 Ng4 33.Nxe8 Rxe8 34.Rc5 g5 35.Qf3 Ba6 36.b5 d2
37.Qc3 Bb7 38.Rc6 Nxf2 39.Rxd2 Ng4 40.Rd1 Qh2+  0-1

[Event "Saint Vincent op"]
[Site "Saint Vincent"]
[Date "1998.??.??"]
[Round "2"]
[White "Rupel, David G"]
[Black "Tatai, Stefano"]
[Result "0-1"]
[WhiteElo "2105"]
[BlackElo "2385"]

1.d4 Nf6 2.c4 e6 3.Nf3 d5 4.g3 Be7 5.Bg2 O-O 6.O-O dxc4 7.Ne5 Nc6 8.Bxc6 bxc6
9.Nxc6 Qd6 10.Nxe7+ Qxe7 11.Qa4 e5 12.dxe5 Qxe5 13.Nc3 Bh3 14.Bf4 Qh5 15.Rfd1 Be6
16.f3 Qc5+ 17.Kg2 Rab8 18.Qc2 Nh5 19.Bd2 f5 20.Be1 Qc6 21.Rd2 Nf6 22.Kg1 Rb4
23.Rad1 Kf7 24.Bf2 a5 25.a4 g6 26.Rd8 Rb8 27.Rxf8+ Rxf8 28.Nb5 Bd5 29.Qc3 Re8
30.Rd2 Re7 31.Bd4 Ne8 32.Kf2 Qe6 33.Kg2 c6 34.Na3 g5 35.Qxa5 g4 36.Qc3 Rb7
37.Qc2 Qg6 38.Nxc4 Qh5 39.Ne5+ Kg8 40.h4 Re7 41.Kh2 gxf3 42.Nxf3 f4 43.Rd1 Bxf3
44.exf3 Qxf3 45.Qc4+ Kf8 46.Rg1 fxg3+ 47.Kh3 g2+ 48.Kh2 Nd6 49.Qc1 Nf5 50.Rxg2 Nxd4
51.Qh6+ Ke8 52.Qd6 Qd5 53.Qb8+ Kd7 54.Qb7+ Kd6 55.Qb8+ Kc5 56.Rg5 Nf3+ 57.Kg3 Nxg5
58.b4+ Kc4  0-1

[Event "Saint Vincent op"]
[Site "Saint Vincent"]
[Date "1998.??.??"]
[Round "5"]
[White "Zueger, Beat"]
[Black "Lacrosse, Marc"]
[Result "0-1"]
[WhiteElo "2445"]
[BlackElo "2280"]

1.c4 e6 2.g3 Nf6 3.Bg2 d5 4.d4 Be7 5.Nf3 O-O 6.O-O dxc4 7.Qc2 a6 8.a4 Bd7
9.Qxc4 Bc6 10.Bg5 a5 11.Nc3 Na6 12.Bxf6 Bxf6 13.e4 Nb4 14.Rfd1 Qb8 15.Rd2 Rd8
16.Rad1 b6 17.h4 Bb7 18.Nh2 c6 19.Ng4 Be7 20.Qe2 Qc7 21.f4 Rac8 22.Kh2 Ba6
23.Qf3 c5 24.d5 exd5 25.exd5 Bd6 26.h5 h6 27.Ne3 c4 28.Nf5 Kh8 29.Qg4 Bf8
30.d6 Qd7 31.Re2 Rc5 32.Bh3 Bc8 33.Re5 Nd3 34.Rxc5 bxc5 35.Qe2 Qe6 36.Qg2 Qf6
37.Ne4 Qe6  0-1

[Event "Salsomaggiore Terme op"]
[Site "Salsomaggiore Terme"]
[Date "1998.??.??"]
[Round "4"]
[White "Pangrazzi, Marco"]
[Black "Costantini, Roberto"]
[Result "1/2-1/2"]
[WhiteElo "2250"]
[BlackElo "2140"]

1.d4 d5 2.Nf3 Nf6 3.g3 e6 4.Bg2 Be7 5.c4 O-O 6.Ne5 c6 7.Nc3 Nbd7 8.Nxd7 Qxd7
9.cxd5 exd5 10.O-O Qd8 11.Qc2 Re8 12.Rd1 Bg4 13.f3 Bh5 14.Bh3 Bg6 15.Bf5 Qb6
16.Kg2 Bb4 17.Bxg6 hxg6 18.e3 Qa6 19.Kf2 g5 20.g4 g6 21.Ne2 Kg7 22.Rh1 Rh8
23.h3 Rae8 24.Kg2 Re7 25.Rf1 Bd6 26.Rf2 Bb4 27.Rf1 Ree8 28.a3 Ba5 29.Rb1 Bc7
30.Ng1 Qb6 31.Qf2 Bb8 32.e4 Bf4  1/2-1/2

[Event "San Jose op"]
[Site "San Jose"]
[Date "1998.??.??"]
[Round "2"]
[White "Bosqued, MA."]
[Black "Baldellou, R."]
[Result "0-1"]
[WhiteElo "1625"]
[BlackElo "2120"]

1.Nf3 d5 2.d4 Nf6 3.g3 e6 4.Bg2 Be7 5.c4 c6 6.c5 O-O 7.O-O Nbd7 8.Nc3 b6
9.b4 Re8 10.Ne5 Nxe5 11.dxe5 Nd7 12.b5 Bxc5 13.bxc6 Nxe5 14.e4 d4 15.Nb5 Nxc6
16.e5 Bb7 17.Nd6 Bxd6 18.exd6 Qxd6 19.Bf4 e5 20.Bc1 Na5 21.Bxb7 Nxb7 22.f4 e4
23.f5 e3 24.Qg4 f6 25.Bb2 d3 26.Qc4+ Kh8 27.Rad1 e2  0-1

[Event "Sao Paulo State-ch1"]
[Site "Santa Barbara d'Oeste"]
[Date "1998.??.??"]
[Round "?"]
[White "Maia, Luciano M"]
[Black "Pelikian, Jefferson"]
[Result "1/2-1/2"]
[WhiteElo "2160"]
[BlackElo "2395"]

1.d4 Nf6 2.c4 e6 3.g3 d5 4.Bg2 Be7 5.Nf3 O-O 6.Qc2 Nbd7 7.O-O c6 8.Nbd2 b5
9.c5 Qc7 10.e4 e5 11.b4 dxe4 12.Nxe5 Nxe5 13.dxe5 Qxe5 14.Bb2 Qc7 15.Nxe4 Nd5
16.a3 Bf5 17.Bd4 Rfe8 18.Rfe1 a5 19.Qb2 Bf8 20.Nc3 Nxc3 21.Qxc3 axb4 22.axb4 Rxe1+
23.Rxe1 Be6 24.Be5 Qd7 25.Bf3 Bg4 26.Rd1 Qe6 27.Bd6 Rd8 28.Bxf8 Rxd1+ 29.Bxd1 Kxf8
30.Bxg4 Qxg4 31.Qe5 Qd7 32.Kg2 f6 33.Qe4 g6 34.Kf3 Kf7 35.Ke3 Qc8 36.Kf3 h5
37.Ke3 Qa8 38.Kf3 Qc8 39.Ke3 Qd7 40.Kf3 f5 41.Qe5 g5 42.Ke3 Qe6 43.Qxe6+ Kxe6
44.f4 g4  1/2-1/2

[Event "Staufer op 10th"]
[Site "Schwaebisch Gmuend"]
[Date "1998.??.??"]
[Round "8"]
[White "Podzielny, Karl Heinz"]
[Black "Chudinovskih, Alexander"]
[Result "1-0"]
[WhiteElo "2495"]
[BlackElo "2315"]

1.d4 Nf6 2.Nf3 e6 3.g3 d5 4.Bg2 Be7 5.c4 O-O 6.O-O dxc4 7.Qc2 a6 8.Qxc4 b5
9.Qc2 Bb7 10.Bd2 Nbd7 11.Ba5 Rc8 12.Nbd2 Qe8 13.b4 Bd6 14.Rfe1 Qe7 15.a3 g6
16.Rac1 Rfe8 17.Qb2 Ba8 18.e4 e5 19.Bh3 Rcd8 20.d5 Nb6 21.Rc2 Nh5 22.Qc1 Rf8
23.Re3 f5 24.Rec3 Ng7 25.Rxc7 Bxc7 26.Rxc7 Qd6 27.Qc5 Nc4 28.Nxc4 bxc4 29.Ng5 Qf6
30.Rxg7+ Qxg7 31.Bxd8 Rxd8 32.Ne6 Qd7 33.Nxd8 Qxd8 34.Qxc4  1-0

[Event "RUS-ch U20"]
[Site "Sochi"]
[Date "1998.??.??"]
[Round "1"]
[White "Iljushin, Alexei"]
[Black "Kosyrev, Vladimir"]
[Result "0-1"]
[WhiteElo "2460"]
[BlackElo "2405"]

1.d4 e6 2.c4 Nf6 3.Nf3 d5 4.g3 Be7 5.Bg2 O-O 6.O-O c6 7.Nbd2 Nbd7 8.Qc2 b6
9.e4 Bb7 10.e5 Ne8 11.cxd5 cxd5 12.Re1 Rc8 13.Qd1  0-1

[Event "RUS-ch U20"]
[Site "Sochi"]
[Date "1998.??.??"]
[Round "9"]
[White "Iljushin, Alexei"]
[Black "Rychagov, Andrei"]
[Result "1/2-1/2"]
[WhiteElo "2460"]
[BlackElo "2495"]

1.d4 d5 2.c4 e6 3.Nf3 Nf6 4.g3 Be7 5.Bg2 O-O 6.O-O dxc4 7.Ne5 Nc6 8.Nxc6 bxc6
9.Na3 Bxa3 10.bxa3 Nd5 11.Qa4 Nb6 12.Qa5 Rb8 13.Rd1 Bd7 14.e4 f5 15.f3 fxe4
16.fxe4 e5 17.Qxe5 Bg4 18.Re1 Qd6 19.Bf4 Rbd8 20.h3 Be6 21.Rad1 Qxe5 22.Bxe5 Rd7
23.Rc1 Re8 24.Red1 Red8 25.Bf1 Na4 26.d5 cxd5 27.exd5 Rxd5 28.Re1 Rc5 29.Re4 Nb6
30.Bd4 Rc6 31.Bxb6 cxb6 32.Rxe6 Rxe6 33.Bxc4 Kf7 34.Kf2 Kf6 35.Bxe6 Kxe6  1/2-1/2

[Event "Petrov mem"]
[Site "St Petersburg"]
[Date "1998.??.??"]
[Round "6"]
[White "Driamin, Dmitrij"]
[Black "Gladischev, Oleg"]
[Result "1-0"]
[WhiteElo "2230"]
[BlackElo "2355"]

1.c4 Nf6 2.g3 e6 3.d4 d5 4.Bg2 Be7 5.Nf3 O-O 6.O-O c6 7.Qc2 Nbd7 8.b3 b6
9.Bb2 Bb7 10.Nc3 c5 11.cxd5 Nxd5 12.Nxd5 Bxd5 13.e4 Bb7 14.d5 exd5 15.exd5 Bf6
16.Rad1 Bxb2 17.Qxb2 Qf6 18.Qxf6 Nxf6 19.Ne5 Rfd8 20.Rd2 Ne8 21.Rfd1 Nd6
22.a4 f6 23.Nc4 Ba6 24.Ne3 f5 25.Rc2 Rf8 26.Bh3 g6 27.Ng2 Rfe8 28.Nf4 Re4
29.Bg2 Rb4 30.Rc3 Rc8 31.Re3 c4 32.Bf1 Bb7 33.bxc4 Nxc4 34.Re7 Nb2 35.Rde1 Rxf4
36.gxf4 Bxd5 37.Rxa7 Be4 38.Bg2 Nd3 39.Rb1 Nxf4 40.Bxe4 fxe4 41.h4 Rc2 42.Rxb6 Rc8
43.Rbb7 h5 44.Rg7+ Kh8 45.Rh7+  1-0

[Event "CZE-ch U16"]
[Site "Svetla nad Sazavou"]
[Date "1998.??.??"]
[Round "7"]
[White "Jirka, Jiri"]
[Black "Soukup, Jiri"]
[Result "1-0"]
[WhiteElo "2315"]
[BlackElo "2135"]

1.d4 d5 2.Nf3 Nf6 3.g3 e6 4.c4 Be7 5.Bg2 O-O 6.O-O Nbd7 7.Nc3 c6 8.b3 Nb6
9.Ne5 Nfd7 10.Qd3 Nxe5 11.dxe5 dxc4 12.bxc4 Qxd3 13.exd3 Rd8 14.Rd1 Bd7 15.Be3 Rab8
16.a4 f6 17.a5 Nc8 18.f4 Be8 19.Rab1 b5 20.Ne4 Bg6 21.Rb3 f5 22.Nc5 Bxc5
23.Bxc5 Be8 24.d4 Rb7 25.cxb5 Rxb5 26.Rxb5 cxb5 27.d5 Bc6 28.d6 Bxg2 29.Kxg2 Kf7
30.Rc1 a6 31.Bb4 Ke8 32.Rc7 g6 33.Rxh7 Nxd6 34.exd6 Rd7 35.Rxd7 Kxd7 36.h4 Kc6
37.Kf3 e5 38.fxe5 g5 39.hxg5 f4 40.gxf4 Kd5 41.d7 Kc4 42.d8=Q Kb3 43.e6 Ka4
44.e7 Kxb4 45.e8=Q Ka4 46.Qc6 Kb3 47.Qd3+ Ka4 48.Qdc4+  1-0

[Event "SVK-chT1W 9798"]
[Site "SVK"]
[Date "1998.??.??"]
[Round "?"]
[White "Heinrich, Jan"]
[Black "Mihalik, Marek"]
[Result "1/2-1/2"]
[WhiteElo "2075"]
[BlackElo "2105"]

1.d4 Nf6 2.Nf3 e6 3.g3 Be7 4.Bg2 d5 5.c4 O-O 6.O-O dxc4 7.Qc2 Nbd7 8.Qxc4 c5
9.Qc2 Qb6 10.dxc5 Qxc5 11.Nc3 Nd5 12.Bd2 N7f6 13.Rac1 Nxc3 14.Bxc3 Nd5 15.Bd2 Qxc2
16.Rxc2 b6 17.Rfc1 Ba6 18.Bf1 Rfc8 19.Rxc8+ Rxc8 20.Rxc8+  1/2-1/2

[Event "SVK-chT 9798"]
[Site "SVK"]
[Date "1998.??.??"]
[Round "9"]
[White "Blaho, Stefan"]
[Black "Kijac, Miroslav"]
[Result "1-0"]
[WhiteElo "2180"]
[BlackElo "2145"]

1.d4 Nf6 2.c4 e6 3.g3 d5 4.Nf3 Be7 5.Bg2 O-O 6.O-O Nbd7 7.Nbd2 c6 8.Qc2 b6
9.e4 dxe4 10.Nxe4 Bb7 11.Rd1 Qc8 12.Bf4 Nxe4 13.Qxe4 Re8 14.Ne5 Nxe5 15.Bxe5 Rd8
16.Rac1 Rd7 17.d5 cxd5 18.cxd5 Qf8 19.Qa4 b5 20.Qxb5 Qd8 21.d6 Bxg2 22.Kxg2 Bg5
23.f4 Rb8 24.Qa4 Bf6 25.Rc7 Rb7 26.Qc6 Rdxc7 27.dxc7 Qc8 28.Rd8+ Bxd8 29.Qe8+  1-0

[Event "EST-chT"]
[Site "Tallinn"]
[Date "1998.??.??"]
[Round "10"]
[White "Veingold, Aleksandr"]
[Black "Krivonosov, Oleg"]
[Result "1/2-1/2"]
[WhiteElo "2475"]
[BlackElo "2435"]

1.d4 d5 2.Nf3 Nf6 3.c4 e6 4.g3 Be7 5.Bg2 O-O 6.O-O c6 7.Nbd2 Nbd7 8.b3 b6
9.Qc2 Bb7 10.e4 Rc8 11.Bb2 c5  1/2-1/2

[Event "Tampere We HervS"]
[Site "Tampere"]
[Date "1998.??.??"]
[Round "2"]
[White "Keskisarja, Teemu"]
[Black "Paldanius, Pekka"]
[Result "1-0"]
[WhiteElo "2290"]
[BlackElo "2260"]

1.c4 e6 2.d4 Nf6 3.g3 d5 4.Bg2 Be7 5.Nf3 O-O 6.O-O Nbd7 7.Qc2 Ne4 8.Nbd2 f5
9.b3 c6 10.a4 Bf6 11.Ba3 Re8 12.Bb2 b6 13.Ne5 Bb7 14.a5 Nxe5 15.dxe5 Be7
16.a6 Bc8 17.Nxe4 fxe4 18.f3 exf3 19.exf3 Bd7 20.f4 Bc5+ 21.Kh1 Rc8 22.Rad1 Qe7
23.g4 Rf8 24.Qe2 Rcd8 25.cxd5 cxd5 26.Bc3 Qe8 27.Qc2 Rc8 28.Qd2 Bb5 29.Rfe1 Bc6
30.Bd4 Qe7 31.Qe3 Bb5 32.f5 Bxa6 33.f6 Qd7 34.g5 Bb7 35.Rf1 g6 36.Bh3 Kf7
37.Bg4 Qc6 38.h4 a5 39.Qh3 h5 40.gxh6 Rh8 41.Rf2 Rxh6 42.Rh2 Rch8 43.h5 Bxd4
44.Rxd4 Rxh5 45.Bxh5 Rxh5 46.Qe3  1-0

[Event "Tampere ELO Taraus"]
[Site "Tampere"]
[Date "1998.??.??"]
[Round "6"]
[White "Korhonen, Pasi"]
[Black "Kekki, Jorma"]
[Result "0-1"]
[WhiteElo "2105"]
[BlackElo "2210"]

1.c4 e6 2.g3 d5 3.d4 Nf6 4.Nf3 Be7 5.Bg2 O-O 6.O-O c6 7.Nc3 Nbd7 8.cxd5 exd5
9.a3 a5 10.b3 Re8 11.Bb2 Nf8 12.Rc1 h6 13.Ne5 Bf5 14.Na4 Ne6 15.Re1 Bd6 16.Nd3 Rc8
17.f3 b5 18.Nac5 Nxc5 19.Nxc5 Qe7 20.e4 Bxc5 21.Rxc5 Bg6 22.Bh3 Rc7 23.Bc3 dxe4
24.Bxa5 Ra7 25.Bb4 Qb7 26.Bf5 Bxf5 27.Rxf5 Raa8 28.Re5 Qc7 29.fxe4 Rxe5 30.dxe5 Qxe5
31.Bd6 Qe6 32.e5 Nd7 33.Qc2 Rc8 34.b4 Nb6 35.Rf1 Nc4 36.Bc5 Nxe5 37.Bd4 Nc4
38.Qc3 f6 39.a4 bxa4 40.Re1 Qd5 41.Re7 Nd6 42.Bxf6 gxf6 43.Qxf6 Nf7 44.Qg6+ Kf8
45.Re4 Re8 46.Rf4 Re1+ 47.Kf2 Qd2+ 48.Kf3 Qe2+  0-1

[Event "JUG Cup"]
[Site "Ulcinj"]
[Date "1998.??.??"]
[Round "6"]
[White "Draskovic, Dragan"]
[Black "Marcetic, Nikola"]
[Result "1/2-1/2"]
[WhiteElo "2220"]
[BlackElo "2330"]

1.d4 d5 2.c4 e6 3.Nf3 Nf6 4.g3 Be7 5.Bg2 O-O 6.O-O c6 7.b3 b6 8.Qc2 a5 9.Nbd2 c5
10.Bb2 Nc6 11.Rfd1 Bb7 12.a3 Rc8 13.e4 Nxd4 14.Nxd4 cxd4 15.Bxd4 Qc7 16.exd5 Bxd5
17.Bxd5 exd5 18.Qb2 dxc4 19.Nxc4 b5 20.Ne3 Qc6 21.Nf5 Bc5 22.Rac1 Qf3 23.Nh6+ gxh6
24.Bxf6 Bxa3 25.Qxa3 Qxf6 26.Qxa5 Qg5 27.Rc7 Rxc7 28.Qxc7 Qf5 29.Qd6 Re8
30.Qxh6 Qf3 31.Rc1 Qxb3 32.Rc5 Qb1+ 33.Kg2 Qe4+ 34.f3 Qe2+ 35.Kh3 Qe6+ 36.Qxe6 Rxe6
37.Rxb5 Re2 38.g4 Kg7 39.Rb6 Ra2 40.Kg3 Ra5 41.h4 h6 42.Rb8 Ra4 43.Re8 Rb4
44.Re3 Rb1 45.Kf4 Rh1 46.h5 Ra1 47.Kf5 Ra6 48.Re5 Ra1 49.f4 Rg1 50.Ra5 Rh1
51.Rd5 Ra1 52.g5 hxg5 53.fxg5 Rf1+ 54.Ke5 f6+ 55.gxf6+ Rxf6 56.Rd7+ Rf7  1/2-1/2

[Event "JUG Cup"]
[Site "Ulcinj"]
[Date "1998.??.??"]
[Round "7"]
[White "Ilincic, Zlatko"]
[Black "Komarov, Dimitri"]
[Result "1/2-1/2"]
[WhiteElo "2565"]
[BlackElo "2580"]

1.d4 d5 2.c4 e6 3.Nf3 Nf6 4.g3 Be7 5.Bg2 O-O 6.O-O dxc4 7.Qc2 a6 8.a4 Bd7
9.Qxc4 Bc6 10.Bg5 Bd5 11.Qd3 c5 12.Nc3 Bc6 13.Rfd1  1/2-1/2

[Event "Val Thorens op"]
[Site "Val Thorens"]
[Date "1998.??.??"]
[Round "?"]
[White "Horvath, Jozsef"]
[Black "Pikulinski, Andrzej"]
[Result "1-0"]
[WhiteElo "2515"]
[BlackElo "2220"]

1.d4 d5 2.c4 e6 3.Nf3 Nf6 4.g3 Be7 5.Bg2 O-O 6.Nc3 dxc4 7.Ne5 c5 8.dxc5 Qc7
9.Nxc4 Qxc5 10.Qb3 Nc6 11.Be3 Nd4 12.Bxd4 Qxd4 13.O-O Rb8 14.Rfd1 Qc5 15.Rac1 Bd7
16.Ne4 Qb5 17.Nxf6+ Bxf6 18.Qe3 Bc6 19.Bxc6 bxc6 20.b3 a5 21.Nd6 Qb6 22.Qf3 c5
23.Ne4 Bd4 24.e3 Bb2 25.Rc4 Rbc8 26.Qe2 Ba3 27.Ra4 Bb4 28.a3 f5 29.Nd6 Bc3
30.Qc4 Rc6 31.Qxe6+  1-0

[Event "Verona op"]
[Site "Verona"]
[Date "1998.??.??"]
[Round "?"]
[White "Sulava, Nenad"]
[Black "Ferretti, Folco"]
[Result "1-0"]
[WhiteElo "2450"]
[BlackElo "2270"]

1.Nf3 Nf6 2.c4 e6 3.g3 d5 4.d4 Be7 5.Bg2 O-O 6.Qc2 Nbd7 7.O-O c6 8.b3 b6
9.Rd1 Bb7 10.Nc3 Rc8 11.e4 c5 12.exd5 exd5 13.Bb2 dxc4 14.d5 Bd6 15.bxc4 Ne5
16.Ne4 Re8 17.Nxd6 Nxf3+ 18.Bxf3 Qxd6 19.Qd3 Rcd8 20.a4 Qf8 21.a5 Rd6 22.axb6 axb6
23.Re1 Rxe1+ 24.Rxe1 Rd8 25.Qb3 Nd7 26.Qe3 Ba6 27.Qf4 Re8 28.Ra1 Bc8 29.Kg2 f5
30.Ra7 h6 31.h4 Kh7 32.Qc7 Qe7 33.h5 Qg5 34.Ra8 Qd8 35.Qd6 Nf6 36.Qxd8 Rxd8
37.Bxf6 gxf6 38.d6 Rg8 39.Bd5 Re8 40.Ra7+  1-0

[Event "Vienna op 13th"]
[Site "Vienna"]
[Date "1998.??.??"]
[Round "?"]
[White "Haba, Petr"]
[Black "Beckhuis, Gernod"]
[Result "1-0"]
[WhiteElo "2570"]
[BlackElo "2275"]

1.d4 Nf6 2.c4 e6 3.g3 d5 4.Bg2 Be7 5.Nf3 O-O 6.O-O dxc4 7.Qc2 a6 8.Qxc4 b5
9.Qc2 Bb7 10.Bd2 Nc6 11.e3 Ra7 12.Rc1 Qa8 13.Ne1 Nd5 14.a3 Rc8 15.Nc3 Nxc3
16.Qxc3 Nb8 17.Bxb7 Qxb7 18.Nd3 Qd5 19.Qc2 Bd6 20.Bb4 Rd8 21.Bc5 Ra8 22.Bxd6 cxd6
23.Qc7 Nd7 24.Nb4 Qg5 25.Nc6 Rac8 26.Qxd6  1-0